00731nam a2200217Ii 45000010005000000030009000050080041000140400033000550410008000880820017000961000027001132450038001402640039001783000012002173360026002293370028002553380027002839400050003109990017003609520136003774341CO-ViMGA241108s9999||||xx |||||||||||||| ||und|| aCO-ViMGAbspaerdacCO-ViMGA0 aspa04a551.21 M491m1 aJames V. Medler94835010aMi Universo Montañas y Volcanes 1aMadrid, España : Timun mas, 1954 avolumen atextbtxt2rdacontent aunmediatedbn2rdamedia avolumebnc2rdacarrier aidficha_siabuc: 4244. -- ficha_no_siabuc:4341 c42992d42992 001040708001aMEVIGERRbMEVIGERRcGENd2006-11-27o551.21 M491mpECA3197r2024-11-26 09:06:56tEj.1w2024-11-26yBKz4244 | 6229